島根県の市町村(1968年) - Statistics

General Stats
  • This quiz has been taken 10 times
  • The average score is 19 of 60
Answer Stats
コード 市町村 備考 % Correct
32201 松江市
100%
32203 出雲市
100%
32202 浜田市
88%
32204 益田市
88%
32205 大田市
88%
32207 江津市
88%
32208 平田市 2005年消滅
88%
32206 安来市
75%
32303 八束郡美保関町 2005年消滅
38%
32304 八束郡東出雲町 2011年消滅
38%
32308 八束郡八束村 1970年昇格
38%
32401 簸川郡斐川町 2011年消滅
38%
32501 鹿足郡津和野町
38%
32502 鹿足郡日原町 2005年消滅
38%
32504 鹿足郡六日市町 2005年消滅
38%
32525 海士郡海士町 1969年郡変更
38%
32527 知夫郡知夫村 1969年郡変更
38%
32301 八束郡鹿島町 2005年消滅
25%
32302 八束郡島根村 1969年昇格
25%
32305 八束郡八雲村 2005年消滅
25%
32306 八束郡玉湯町 2005年消滅
25%
32307 八束郡宍道町 2005年消滅
25%
32321 能義郡広瀬町 2004年消滅
25%
32341 仁多郡仁多町 2005年消滅
25%
32342 仁多郡横田町 2005年消滅
25%
32361 大原郡大東町 2004年消滅
25%
32363 大原郡木次町 2004年消滅
25%
32381 飯石郡三刀屋町 2004年消滅
25%
32385 飯石郡赤来町 2005年消滅
25%
32404 簸川郡湖陵村 1969年昇格
25%
32441 邑智郡川本町
25%
32442 邑智郡邑智町 2004年消滅
25%
32443 邑智郡大和村 2004年消滅
25%
32444 邑智郡羽須美村 2004年消滅
25%
32445 邑智郡瑞穂町 2004年消滅
25%
32446 邑智郡石見町 2004年消滅
25%
32503 鹿足郡柿木村 2005年消滅
25%
32521 周吉郡西郷町 1969年郡変更
25%
32522 周吉郡布施村 1969年郡変更
25%
32523 穏地郡五箇村 1969年郡変更
25%
32526 知夫郡西ノ島町 1969年郡変更
25%
32322 能義郡伯太町 2004年消滅
13%
32362 大原郡加茂町 2004年消滅
13%
32382 飯石郡吉田村 2004年消滅
13%
32384 飯石郡頓原町 2005年消滅
13%
32402 簸川郡佐田村 1969年昇格
13%
32403 簸川郡多伎村 1969年昇格
13%
32405 簸川郡大社町 2005年消滅
13%
32421 邇摩郡温泉津町 2005年消滅
13%
32422 邇摩郡仁摩町 2005年消滅
13%
32447 邑智郡桜江町 2004年消滅
13%
32461 那賀郡国府町 1969年消滅
13%
32462 那賀郡金城村 1969年昇格
13%
32464 那賀郡弥栄村 2005年消滅
13%
32465 那賀郡三隅町 2005年消滅
13%
32481 美濃郡美都町 2004年消滅
13%
32482 美濃郡匹見町 2004年消滅
13%
32524 穏地郡都万村 1969年郡変更
13%
32383 飯石郡掛合町 2004年消滅
0%
32463 那賀郡旭町 2005年消滅
0%
No matching quizzes found
Score Distribution
Percent of People with Each Score
Percentile by Number Answered
Your Score History
You have not taken this quiz